[Event "Titled Tuesday intern op 23rd Apr Late"]
[Site "Chess.com INT"]
[Date "2024.04.23"]
[Round "4"]
[White "Harish, Neeraj"]
[Black "Toniutti, Ezio"]
[Result "0-1"]
[WhiteElo "2213"]
[BlackElo "2204"]
[PlyCount "84"]
[EventDate "2024.04.23"]
[EventType "swiss (blitz)"]
[EventRounds "11"]
[EventCountry "USA"]
[SourceTitle "CB18_2024"]
[SourceDate "2024.05.01"]
[SourceVersion "1"]
[SourceVersionDate "2024.05.01"]
[SourceQuality "2"]

1. e4 e5 2. Nf3 Nc6 3. Bc4 Nf6 4. d3 Be7 5. 0-0 0-0 6. Nc3 d6 7. a4 Bg4 8. h3 Bh5 9. Be3 Qd7 10. Nd5 Rae8 11. a5 a6 12. c3 Bd8 13. b4 Nxd5 14. Bxd5 Kh8 15. c4 Qc8 16. b5 Ne7 17. c5 Nxd5 18. exd5 f5 19. g4 fxg4 20. Nh2 Rf7 21. hxg4 Bg6 22. c6 axb5 23. cxb7 Qxb7 24. Qb3 Qa6 25. Rfb1 e4 26. Qxb5 Qxb5 27. Rxb5 Bf6 28. Ra2 exd3 29. a6 Rff8 30. a7 Ra8 31. f4 Be4 32. g5 Bc3 33. Nf1 Rfe8 34. Kf2 c5 35. dxc6 Bxc6 36. Rb6 Rec8 37. Nd2 d5 38. Raa6 Bd7 39. Rb7 Bf5 40. Re7 d4 41. Bxd4 Bxd4+ 42. Kf3 Bc5 0-1

[Event "Titled Tuesday intern op 16th Apr Early"]
[Site "Chess.com INT"]
[Date "2024.04.16"]
[Round "7"]
[White "Harish, Neeraj"]
[Black "Begunov, Konstantin"]
[Result "1-0"]
[WhiteElo "2213"]
[BlackElo "2325"]
[PlyCount "115"]
[EventDate "2024.04.16"]
[EventType "swiss (blitz)"]
[EventRounds "11"]
[EventCountry "USA"]
[SourceTitle "CB17_2024"]
[SourceDate "2024.04.24"]
[SourceVersion "1"]
[SourceVersionDate "2024.04.24"]
[SourceQuality "1"]

1. e4 c5 2. Nf3 d6 3. d4 cxd4 4. Nxd4 Nf6 5. Nc3 a6 6. Rg1 b5 7. g4 Bb7 8. f3 b4 9. Nce2 h6 10. Be3 e5 11. Nf5 g6 12. Nxh6 Bxh6 13. g5 Nxe4 14. fxe4 Bg7 15. Bg2 Rxh2 16. Qd3 a5 17. 0-0-0 Bf8 18. Bf3 Nd7 19. Rh1 Rxh1 20. Rxh1 Qc7 21. Ng3 Nc5 22. Qd2 0-0-0 23. Kb1 Be7 24. Rh7 Bf8 25. c3 bxc3 26. Qxc3 Kb8 27. Qc4 Rd7 28. Rh8 Rd8 29. a3 Rc8 30. Bxc5 Qxc5 31. Qxc5 dxc5 32. Kc2 Kc7 33. Rh7 Kb6 34. Rxf7 Rd8 35. Rf6+ Bd6 36. Rxg6 c4 37. Nf5 Kc5 38. Nxd6 Rxd6 39. Rxd6 Kxd6 40. Kc3 Ba6 41. g6 Ke7 42. Be2 Kf6 43. Bxc4 Bb7 44. Bd5 Ba6 45. Bf7 Bb7 46. Bd5 Ba6 47. b4 axb4+ 48. axb4 Kxg6 49. Bc6 Kf6 50. b5 Bc8 51. Kc4 Kg5 52. b6 Kf4 53. b7 Bxb7 54. Bxb7 Kf3 55. Bd5 Ke3 56. Kc5 Kd3 57. Kd6 Kd4 58. Ke6 1-0

[Event "Titled Tuesday intern op 16th Apr Late"]
[Site "Chess.com INT"]
[Date "2024.04.16"]
[Round "11"]
[White "Shubenkova, Veronika"]
[Black "Harish, Neeraj"]
[Result "1-0"]
[WhiteElo "2113"]
[BlackElo "2213"]
[PlyCount "113"]
[EventDate "2024.04.16"]
[EventType "swiss (blitz)"]
[EventRounds "11"]
[EventCountry "USA"]
[SourceTitle "CB17_2024"]
[SourceDate "2024.04.24"]
[SourceVersion "1"]
[SourceVersionDate "2024.04.24"]
[SourceQuality "1"]

1. e4 c5 2. Nf3 Nc6 3. d4 cxd4 4. Nxd4 e5 5. Nb5 d6 6. N1c3 a6 7. Na3 Be7 8. Nd5 Nf6 9. Nxf6+ Bxf6 10. Bd3 0-0 11. 0-0 b5 12. c3 Be6 13. Be3 Bg5 14. Nc2 Bxe3 15. Nxe3 Ne7 16. Bc2 Rc8 17. Qh5 g6 18. Qh6 f5 19. exf5 Nxf5 20. Nxf5 Bxf5 21. Bb3+ Kh8 22. Rad1 Qe7 23. Rfe1 Be6 24. Bc2 Bf5 25. Bxf5 Rxf5 26. f4 Rcf8 27. fxe5 dxe5 28. h3 Qc5+ 29. Kh2 Qf2 30. Rd7 Qf4+ 31. Qxf4 exf4 32. Ree7 R8f6 33. Rxh7+ Kg8 34. Rdg7+ Kf8 35. Ra7 Kg8 36. Rhg7+ Kf8 37. Rgb7 Kg8 38. Rb8+ Rf8 39. Rxf8+ Kxf8 40. Rxa6 Kf7 41. Rb6 g5 42. Kg1 Rd5 43. b3 Kg7 44. Kf2 Kf7 45. Ke2 Kg7 46. a4 bxa4 47. bxa4 Ra5 48. Rb4 Kf6 49. c4 Ra8 50. c5 Ke5 51. c6 Kd6 52. Rc4 Rc8 53. c7 Kd7 54. Kf3 Kd6 55. Kg4 f3 56. gxf3 Kd7 57. a5 1-0

[Event "Titled Tuesday intern op 02nd Apr Late"]
[Site "Chess.com INT"]
[Date "2024.04.02"]
[Round "7"]
[White "Kazmaier, Daniel"]
[Black "Harish, Neeraj"]
[Result "0-1"]
[WhiteElo "2180"]
[BlackElo "2213"]
[PlyCount "64"]
[EventDate "2024.04.02"]
[EventType "swiss (blitz)"]
[EventRounds "11"]
[EventCountry "USA"]
[SourceTitle "CB15_2024"]
[SourceDate "2024.04.10"]
[SourceVersion "1"]
[SourceVersionDate "2024.04.10"]
[SourceQuality "1"]

1. d4 Nf6 2. Bg5 d5 3. Bxf6 exf6 4. c4 dxc4 5. Nc3 Bd6 6. e3 0-0 7. Bxc4 f5 8. Nge2 c6 9. g3 Nd7 10. Nf4 Nf6 11. h4 Re8 12. Qf3 a5 13. h5 a4 14. a3 Bd7 15. h6 g6 16. 0-0-0 b5 17. Ba2 b4 18. axb4 a3 19. b3 Bxb4 20. Na4 Ne4 21. Ne2 Qc7 22. Kb1 c5 23. Nxc5 Nxc5 24. dxc5 Bc6 25. Qf4 Be4+ 26. Ka1 Qxc5 27. Rc1 Bc2 28. Bb1 Bc3+ 29. Ka2 Bxb3+ 30. Kxb3 Rab8+ 31. Kc2 Rb2+ 32. Kd3 Rd2# 0-1

[Event "Titled Tuesday intern op 02nd Apr Late"]
[Site "Chess.com INT"]
[Date "2024.04.02"]
[Round "8"]
[White "Shevchuk, Olexandr"]
[Black "Harish, Neeraj"]
[Result "0-1"]
[WhiteElo "2093"]
[BlackElo "2213"]
[PlyCount "82"]
[EventDate "2024.04.02"]
[EventType "swiss (blitz)"]
[EventRounds "11"]
[EventCountry "USA"]
[SourceTitle "CB15_2024"]
[SourceDate "2024.04.10"]
[SourceVersion "1"]
[SourceVersionDate "2024.04.10"]
[SourceQuality "1"]

1. d4 d5 2. Nf3 Nf6 3. c4 e6 4. g3 h6 5. Bg2 Bd6 6. 0-0 0-0 7. Nc3 Nc6 8. b3 dxc4 9. bxc4 e5 10. d5 Ne7 11. e4 a6 12. Ne1 b5 13. cxb5 axb5 14. Nxb5 Ba6 15. Qb3 Rb8 16. a4 c6 17. dxc6 Nxc6 18. Qc3 Bxb5 19. axb5 Nd4 20. Kh1 Rxb5 21. Nc2 Rc5 22. Qd3 Rxc2 23. Be3 Rb2 24. Bxd4 exd4 25. Qxd4 Qb6 26. Qd3 Ng4 27. f3 Nf2+ 28. Rxf2 Qxf2 29. Rg1 Bc5 30. Qd1 Qxg1+ 31. Qxg1 Bxg1 32. Kxg1 Ra8 33. h4 Ra1+ 34. Kh2 Raa2 35. Kh3 Rxg2 36. Kg4 g6 37. f4 Kg7 38. f5 h5+ 39. Kf4 Raf2+ 40. Ke5 Rxg3 41. Kd5 gxf5 0-1

[Event "Titled Tuesday intern op 12th Mar Late"]
[Site "Chess.com INT"]
[Date "2024.03.12"]
[Round "3"]
[White "Harish, Neeraj"]
[Black "Grahn, Vidar"]
[Result "1-0"]
[WhiteElo "2090"]
[BlackElo "2226"]
[PlyCount "55"]
[EventDate "2024.03.12"]
[EventType "swiss (blitz)"]
[EventRounds "11"]
[EventCountry "USA"]
[SourceTitle "CB12_2024"]
[SourceDate "2023.10.01"]
[SourceVersion "1"]
[SourceVersionDate "2023.10.01"]
[SourceQuality "1"]

1. e4 e5 2. Nf3 Nc6 3. Bc4 Bc5 4. 0-0 Nf6 5. d3 0-0 6. h3 a6 7. a4 Ba7 8. Re1 h6 9. Nbd2 d6 10. c3 Ne7 11. Nf1 Ng6 12. d4 exd4 13. cxd4 d5 14. exd5 Nxd5 15. Ne3 Ndf4 16. Ng4 Bxg4 17. hxg4 Qd7 18. Bxf4 Nxf4 19. Ne5 Qxd4 20. Qf3 c6 21. Rad1 Qxb2 22. Qxf4 b5 23. axb5 axb5 24. Bxf7+ Kh7 25. Qf5+ Kh8 26. Ng6+ Kh7 27. Nxf8+ Kh8 28. Qh7# 1-0

[Event "Titled Tuesday intern op 27th Feb Late"]
[Site "Chess.com INT"]
[Date "2024.02.27"]
[Round "3"]
[White "Becerra, Juan David"]
[Black "Harish, Neeraj"]
[Result "1-0"]
[WhiteElo "2315"]
[BlackElo "2090"]
[PlyCount "45"]
[EventDate "2024.02.27"]
[EventType "swiss (blitz)"]
[EventRounds "11"]
[EventCountry "USA"]
[SourceTitle "CB10_2024"]
[SourceDate "2024.03.06"]
[SourceVersion "1"]
[SourceVersionDate "2024.03.06"]
[SourceQuality "1"]

1. e4 c5 2. d4 cxd4 3. c3 Nf6 4. e5 Nd5 5. cxd4 Nc6 6. Nc3 Nxc3 7. bxc3 d6 8. f4 d5 9. Bd3 Bd7 10. Ne2 Rc8 11. 0-0 Bg4 12. f5 Qa5 13. e6 f6 14. Qb3 Kd8 15. Nf4 g6 16. Nxd5 gxf5 17. Bxf5 Bxf5 18. Rxf5 Qa6 19. Ba3 Qd3 20. Raf1 Nxd4 21. Qxb7 Ne2+ 22. Kh1 Nf4 23. Qd7# 1-0

[Event "Titled Tuesday intern op 13th Feb Late"]
[Site "Chess.com INT"]
[Date "2024.02.13"]
[Round "10"]
[White "Harish, Neeraj"]
[Black "Davalos Prieto, Abel"]
[Result "0-1"]
[WhiteElo "2090"]
[BlackElo "1985"]
[PlyCount "52"]
[EventDate "2024.02.13"]
[EventType "swiss (blitz)"]
[EventRounds "11"]
[EventCountry "USA"]
[SourceTitle "CB08_2024"]
[SourceDate "2024.02.21"]
[SourceVersion "1"]
[SourceVersionDate "2024.02.21"]
[SourceQuality "1"]

1. e4 c5 2. Nf3 Nc6 3. d4 cxd4 4. Nxd4 Nf6 5. Nc3 d6 6. Bg5 Bd7 7. Nxc6 bxc6 8. Bxf6 gxf6 9. Bc4 Rb8 10. Bb3 h5 11. Qd3 Rg8 12. 0-0 Qa5 13. f4 h4 14. Rae1 e6 15. e5 dxe5 16. fxe5 f5 17. Rd1 Qc7 18. Qe2 Be7 19. Rf3 c5 20. Rfd3 Bc6 21. Ba4 Bxa4 22. Nxa4 Qc6 23. b3 c4 24. Rd7 cxb3 25. axb3 Rb4 26. Qd3 Qxg2# 0-1

[Event "Titled Tuesday intern op 06th Feb Late"]
[Site "Chess.com INT"]
[Date "2024.02.06"]
[Round "9"]
[White "Viana, Valeria"]
[Black "Harish, Neeraj"]
[Result "0-1"]
[WhiteElo "1792"]
[BlackElo "2090"]
[PlyCount "84"]
[EventDate "2024.02.06"]
[EventType "swiss (blitz)"]
[EventRounds "11"]
[EventCountry "USA"]
[SourceTitle "CB07_2024"]
[SourceDate "2024.02.14"]
[SourceVersion "1"]
[SourceVersionDate "2024.02.14"]
[SourceQuality "1"]

1. e4 c5 2. Nf3 Nc6 3. d4 cxd4 4. Nxd4 Nf6 5. Nc3 e5 6. Ndb5 d6 7. Nd5 Nxd5 8. exd5 Nb8 9. Be2 Be7 10. 0-0 0-0 11. c4 Nd7 12. Be3 a6 13. Nc3 f5 14. f4 Bf6 15. Kh1 g6 16. Qd2 exf4 17. Bxf4 Ne5 18. Rad1 Qe7 19. b3 g5 20. Bxe5 Bxe5 21. Bd3 Qg7 22. Ne2 Qh6 23. h3 f4 24. Ng1 g4 25. Be4 gxh3 26. gxh3 Kh8 27. Rf3 Bg4 28. Rd3 Bxd1 29. Qxd1 Rg8 30. Qf1 Rg7 31. Bf5 Rag8 32. Ne2 Qh5 33. Be6 Rf8 34. Rf3 Rf6 35. Kh2 Rfg6 36. Kh1 h6 37. Qf2 Qg5 38. Bg4 h5 39. Be6 Qg2+ 40. Qxg2 Rxg2 41. Nxf4 Bxf4 42. Rxf4 Rg1+ 0-1

[Event "Titled Tuesday intern op 23rd Jan Late"]
[Site "Chess.com INT"]
[Date "2024.01.23"]
[Round "5"]
[White "Winkels, Marcel"]
[Black "Harish, Neeraj"]
[Result "1-0"]
[WhiteElo "1901"]
[BlackElo "2090"]
[PlyCount "69"]
[EventDate "2024.01.23"]
[EventType "swiss (blitz)"]
[EventRounds "11"]
[EventCountry "USA"]
[SourceTitle "CB05_2024"]
[SourceDate "2024.01.31"]
[SourceVersion "1"]
[SourceVersionDate "2024.01.31"]
[SourceQuality "1"]

1. e4 c5 2. Nf3 Nc6 3. b4 cxb4 4. d4 g6 5. d5 Bg7 6. dxc6 Bxa1 7. Bc4 Nf6 8. e5 d5 9. Bb5 0-0 10. exf6 Bxf6 11. 0-0 Qa5 12. Qe2 bxc6 13. Bxc6 Rb8 14. Rd1 e6 15. Ne5 Ba6 16. Qe1 Qxa2 17. Bh6 Bg7 18. Bxg7 Kxg7 19. Nd7 Qxc2 20. Nxb8 Rxb8 21. Rc1 Qf5 22. Qe3 b3 23. Re1 Bc4 24. Nd2 a5 25. Qa7 Rb4 26. Be8 b2 27. Nb1 Bd3 28. Qxa5 Rb8 29. Qc3+ f6 30. Qc7+ Kh6 31. Qxb8 Bxb1 32. Qxb2 Bd3 33. Qc1+ Kg7 34. Qe3 Be4 35. f3 1-0